Consistori dels Jochs Florals de Barcelona : convocatòria pera 'ls [sic] del any 1900 convocatòria pera 'ls [sic] del any 1900
Descripción Física:
1 díptic ; 32 cm
Otros Autores:
Jocs Florals de Barcelona. Consistori
MARC
| LEADER | 00000nam a2200000Ia 4500 | ||
|---|---|---|---|
| 001 | 16495 | ||
| 008 | 160829s9999 xx 000 0 cat d | ||
| 080 | |a 3386, exp. general de los Juegos Florales | ||
| 100 | |a Jocs Florals de Barcelona | ||
| 245 | |a Consistori dels Jochs Florals de Barcelona : |b convocatòria pera 'ls [sic] del any 1900 | ||
| 260 | |a Barcelona : |b Estampa La Renaxensa, [1900] | ||
| 300 | |a 1 díptic ; |c 32 cm | ||
| 650 | |a Jocs Florals de Barcelona |x Programes |9 48113 | ||
| 650 | |a Jocs Florals de Barcelona |x Reglaments |9 48114 | ||
| 650 | |a Jocs Florals de Barcelona |x Premis |9 48115 | ||
| 700 | |a Jocs Florals de Barcelona. Consistori |9 43306 | ||
| 901 | |a Arxiu | ||
| 942 | |n 1 | ||
| 952 | |0 0 |1 0 |4 0 |6 3386_EXP_GENERAL_DE_LOS_JUEGOS_FLORALES |7 1 |9 54334 |a Arxiu |b Arxiu |d 2016-12-01 |l 0 |o 3386, exp. general de los Juegos Florales |p 16495 |r 2016-12-01 00:00:00 |w 2016-12-01 |y ARXIU | ||
| 999 | |c 58203 |d 58203 | ||